| 000 | 00469nam a2200157Ia 4500 | ||
|---|---|---|---|
| 008 | 151021s9999 xx 000 0 und d | ||
| 020 | _a9.7802055416e+012 | ||
| 050 | _aRJ 131.B387 2008 | ||
| 245 | _a_Infants and children prenatal through middle childhood.- 6th ed. | ||
| 260 | _aNewYork pearson 2008 | ||
| 300 | _axxviii,527p. | ||
| 500 | _aIncludes index | ||
| 500 | _aIncludes index | ||
| 650 | _a_child development | ||
| 980 | _a^d20130607 05:18:44^oanne | ||
| 999 |
_c14067 _d14067 |
||